Europa Quizfragen #2 - Statistiken

Allgemein
  • Dieses Quiz wurde 620 mal gespielt
    572 seit der letzten Aktualisierung
  • Das Durchschnittsergebnis liegt bei 14 aus 15
Antwortstatistiken
Beschreibung Länder % Korrekt
Nenne ein Land, das in der EU ist? Deutschland | Belgien | Frankreich | Italien | Niederlande | Dänemark | Irland | Griechenland | Portugal | Spanien | Finnland | Österreich | Schweden | Polen | Lettland | Litauen | Malta | Slowakei | Slowenien | Tschechien | Estland | Bulgarien | Ungarn | Zypern | Rumänien | Kroatien
100%
Welche Farbe ist in der bulgarischen Flagge enthalten? Weiß | Grün | Rot
100%
Welches Land hat unter 100.000 Einwohner? Andorra | Liechtenstein | Monaco | San Marino | Vatikanstadt
99%
Nenne ein europäisches Land, das nicht in der Nato ist? Irland | Österreich | Schweiz | Liechtenstein | Serbien | Bosnien und Herzegowina | Kosovo | Moldawien | Ukraine | Belarus | Russland | Malta
99%
In welchem Land wurde Adolf Hitler geboren? Österreich
99%
Welches Land grenzt an Deutschland und Belarus (Weißrussland)? Polen
99%
Aus welchem Land kommt der Fußball Verein Real Madrid? Spanien
99%
Welche europäischen Länder bestehen aus mindestens zwei Wörtern? Bosnien und Herzegowina | San Marino | Vereinigtes Königreich
98%
In welchem Land ist die Stadt Marseille? Frankreich
98%
Welche Amtssprachen werden in Belgien gesprochen? Französisch | Deutsch | Niederländisch
98%
Wie heißt das größte Land Europa (nach Einwohnern)? Russland
96%
Wie viele Sterne sind auf der Kosovo Flagge? 6
93%
In welchem Jahr startete der Erste Weltkrieg in Europa? 28. Juli 1914
92%
Welches europäische Land hat die meisten Subway Filialen? Vereinigtes Königreich
79%
Was ist, der meist benutze Mädchenname in Europa? (Fängt mit E an) Emma
67%
Keine übereinstimmenden Quizze gefunden
Verteilung der Resultate
Anzahl Personen mit jedem Resultat
Perzentil nach korrekt beantworteten Fragen
Ihre Resultats-Entwicklung
Sie haben dieses Quiz seit der letzten Aktualisierung nicht gespielt